Sports Quiz

Random Sports Quiz
Score 0/13 Timer 07:00
1 Play Today
Speler % Correct
Siem de Jong
56.8%
Jasper Cillessen
29.2%
Ismail Aissati
28.7%
Peter Hoekstra
20.5%
Jairo Riedewald
18.9%
Abubakari Yakubu
16.7%
Zdenek Grygera
16.5%
Benjamin van Leer
12.9%
Bruno Silva
9.4%
Jason Culina
8.6%
Robbert Schilder
7.7%
Juanfran
7.4%
Ole Tobiasen
7.3%
Remove Ads.
Support Sporcle.
Get the best of Sporcle when you Go Orange. This ad-free experience offers more features, more stats, and more fun while also helping to support Sporcle. Thank you for becoming a member.

You're not logged in!

Compare scores with friends on all Sporcle quizzes.
OR
Log In

Sporcle TV

Today on Sporcle TV


Watch our educational content, quiz creation guides, and fun videos on Sporcle TV.

Show Comments

Extras

Created May 13, 2020ReportNominate
Tags:het, met, Wie

Top Quizzes Today


Score Distribution

Paid Content

Your Account Isn't Verified!

In order to create a playlist on Sporcle, you need to verify the email address you used during registration. Go to your Sporcle Settings to finish the process.

Report this User

Report this user for behavior that violates our Community Guidelines.

Details: